Where do they come from? - Real Madrid 22/23 - Statistics

General Stats
  • This quiz has been taken 383 times
  • The average score is 13 of 21
Answer Stats
# Player Signed from Year % Correct
1 Thibaut Courtois Chelsea 2018
99%
7 Eden Hazard Chelsea 2019
99%
22 Antonio Rüdiger Chelsea 2022
99%
4 David Alaba Bayern Munich 2021
95%
8 Toni Kroos Bayern Munich 2014
95%
10 Luka Modrić Tottenham Hotspur 2012
91%
9 Karim Benzema Olympique Lyonnais 2009
88%
23 Ferland Mendy Olympique Lyonnais 2019
88%
24 Mariano Díaz Olympique Lyonnais 2017
88%
3 Éder Militão FC Porto 2019
68%
18 Aurélien Tchouaméni AS Monaco 2022
65%
21 Rodrygo Santos 2019
64%
20 Vinícius Júnior Flamengo 2018
57%
2 Dani Carvajal Bayer Leverkusen 2013
42%
19 Dani Ceballos Real Betis 2017
41%
16 Álvaro Odriozola Real Sociedad 2018
38%
11 Maro Asensio RCD Mallorca 2015
36%
17 Lucas Vázquez Espanyol 2015
30%
12 Eduardo Camavinga Stade Rennais 2021
23%
5 Jesús Vallejo Real Zaragoza 2015
8%
13 Andriy Lunin Zorya Lugansk 2018
3%
No matching quizzes found
Score Distribution
Percent of People with Each Score
Percentile by Number Answered
Your Score History
You have not taken this quiz